[Event "Cipressina op-B 2nd"]
[Site "Venice"]
[Date "2013.12.01"]
[Round "5"]
[White "Zanchi, Mario"]
[Black "Pelyushenko, Vladyslav"]
[Result "0-1"]
[WhiteElo "1548"]
[BlackElo "1745"]
[PlyCount "58"]
[EventDate "2013.11.29"]
[EventType "swiss"]
[EventRounds "5"]
[EventCountry "ITA"]
[SourceTitle "EXT 2015"]
[Source "ChessBase"]
[SourceDate "2014.11.20"]
[SourceVersion "1"]
[SourceVersionDate "2014.11.20"]
[SourceQuality "1"]

1. e4 c5 2. Nf3 d6 3. d4 cxd4 4. Nxd4 Nf6 5. Nc3 a6 6. Bg5 e6 7. f4 Be7 8. Qf3 0-0 9. 0-0-0 Qc7 10. g4 Nc6 11. Nxc6 bxc6 12. Bxf6 Bxf6 13. g5 Be7 14. Bd3 Rb8 15. h4 Qb6 16. b3 d5 17. f5 Ba3+ 18. Kb1 Qb4 19. Ne2 c5 20. c3 Qb6 21. exd5 exd5 22. c4 dxc4 23. Bxc4 Qb4 24. Qc3 Bxf5+ 25. Ka1 Bg4 26. Qxb4 Bxb4 27. Rd6 a5 28. Nf4 Bc3+ 29. Kb1 Be5 0-1

[Event "Cipressina op-B 2nd"]
[Site "Venice"]
[Date "2013.11.30"]
[Round "2"]
[White "Viviani, Tommaso"]
[Black "Zanchi, Mario"]
[Result "1-0"]
[WhiteElo "1579"]
[BlackElo "1548"]
[PlyCount "56"]
[EventDate "2013.11.29"]
[EventType "swiss"]
[EventRounds "5"]
[EventCountry "ITA"]
[SourceTitle "EXT 2015"]
[Source "ChessBase"]
[SourceDate "2014.11.20"]
[SourceVersion "1"]
[SourceVersionDate "2014.11.20"]
[SourceQuality "1"]

1. e4 e5 2. Nf3 Nc6 3. d4 exd4 4. Nxd4 Nf6 5. Nxc6 bxc6 6. e5 Qe7 7. Qe2 Nd5 8. c4 Ba6 9. b3 Qh4 10. Bb2 Bb4+ 11. Nd2 0-0 12. 0-0-0 Nc3 13. Bxc3 Bxc3 14. Qe3 Bd4 15. Qe4 Bxf2 16. Qxh4 Bxh4 17. Nf3 Bf2 18. Rxd7 Bb6 19. c5 Bc8 20. Re7 Bxc5 21. Rxc7 Be3+ 22. Kc2 c5 23. Bc4 Bf5+ 24. Kc3 a5 25. Re1 Bf4 26. g3 Bh6 27. Rxc5 Rfd8 28. e6 fxe6 1-0